Tarn-et-Garonne - mort subite - Statistiques

Statistiques générales
  • Ce quiz a été pris 13 fois
  • Le résultat moyen est 7 sur 18
Answers on the Grid
Answers color-coded by a green-red scale on the quiz's grid according to % correct below.
La capitale française du crime
Château De Belaygues
Montluçon
Nègrepelisse
Okara
Nohic
Popincourt
Castelsarrasin
Dysnomie
Lafrançaise
Mont-de-Marsan
De l'ancien territoire anglais
Landivisiau
Trat
AOP Fronton
Montauban
Bourg-de-Visa
Labuan
Château Boujac
Villemomble
Château Bouissel
Montech
Azuay
Savanes
Pech Maurel
Domaine de Guillau
Moissac
Rizal
Le lieu de naissance de Jeanne Calment
Les Montalbanais
Domaine de la Grange des Pères
La plus ancienne construction humaine connue au monde
La plus vieille arme de jet jamais découverte
Castéra-Bouzet
Saverne
Domaine Lafage
 
Statistiques - réponses
Réponse % Correct
Castelsarrasin
75%
Montauban
75%
Nègrepelisse
75%
Les Montalbanais
67%
Moissac
58%
AOP Fronton
50%
Montech
50%
De l'ancien territoire anglais
42%
Lafrançaise
42%
Le point le haut du département Pech Maurel
33%
Vignoble Château Bouissel
25%
Vignoble Château Boujac
25%
Château De Belaygues
25%
Une structure de stalagmites construite par des Néandertals (grotte de Bruniquel) La plus ancienne construction humaine connue au monde
25%
Bourg-de-Visa
17%
Castéra-Bouzet
17%
Nohic
17%
Vignoble Domaine de Guillau
8%
Aucun quiz correspondant
Distribution des résultats
% des personnes avec chaque résultat
Percentile par nombre de réponses
Votre historique - résultats
Vous n’avez pas pris ce quiz